General information : (Record no. 6757)

MARC details
000 -LEADER
fixed length control field 00367nam a22001337a 4500
008 - FIXED-LENGTH DATA ELEMENTS--GENERAL INFORMATION
fixed length control field 150625b xxu||||| |||| 00| 0 eng d
020 ## - INTERNATIONAL STANDARD BOOK NUMBER
International Standard Book Number 9280507613
082 ## - DEWEY DECIMAL CLASSIFICATION NUMBER
Classification number 346.048 GEN
100 ## - MAIN ENTRY--PERSONAL NAME
Personal name World Intellectual property organisation
245 ## - TITLE STATEMENT
Title General information :
260 ## - PUBLICATION, DISTRIBUTION, ETC. (IMPRINT)
Place of publication, distribution, etc [Geneva] :
Name of publisher, distributor, etc WIPO,
Date of publication, distribution, etc c2003
300 ## - PHYSICAL DESCRIPTION
Extent 24p. :
Other physical details ill.col. ;
Dimensions 21cm.
942 ## - ADDED ENTRY ELEMENTS (KOHA)
Source of classification or shelving scheme Dewey Decimal Classification
Item type Books
Holdings
Withdrawn status Lost status Source of classification or shelving scheme Damaged status Not for loan Home library Current library Shelving location Date acquired Total Checkouts Full call number Date last seen Copy number Price effective from Koha item type
    Dewey Decimal Classification     Law Development Centre Main Library Law Development Centre Main Library Text Books and Laws 06/25/2015   346.048 GEN 06/25/2015 001 06/25/2015 Books